000 00794nam a2200205Ii 4500
003 JO-AjNU
008 230605s9999||||xx |||||||||||||| ||und||
017 _a2012/10/3840
040 _aJO-AjNU
_bara
_erda
_cJO-AjNU
041 _aara
050 1 4 _aPN6519.A.N36 2012
100 3 _aنشوان، حسين,
_eauthor
_950253
245 0 0 _aالمرأة في المثل الشعبي في الأردن وفلسطين: دراسة سيكولوجية لواقع المرأة ومكانتها
264 3 1 _aعمان: وزارة الثقافة، 2012
300 _a127ص
336 _atext
_btxt
_2rdacontent
337 _aunmediated
_bn
_2rdamedia
338 _avolume
_bnc
_2rdacarrier
650 4 _aالأدب العربي - أمثال شعبية - المرأة - الأردن وفلسطين
_950254
999 _aA22125
_c25693
_d25693